Řízení elektrizačních soustav
Salvato in:
| Autore principale: | |
|---|---|
| Natura: | Libro |
| Lingua: | ceco |
| Pubblicazione: |
Praha :
České vysoké učení technické v Praze,
1985
|
| Edizione: | 1. vyd. |
| Tags: |
Nessun Tag, puoi essere il primo ad aggiungerne!!
|
MARC
| LEADER | 00000nam a22000003a 4500 | ||
|---|---|---|---|
| 001 | stu25614 | ||
| 005 | 20150617225745.3 | ||
| 008 | 980519s1985------------------------cze-d | ||
| 040 | |a STU |b slo | ||
| 041 | 0 | |a cze | |
| 100 | 1 | |a Trojánek, Zdeněk |4 aut | |
| 245 | 1 | |a Řízení elektrizačních soustav | |
| 250 | |a 1. vyd. | ||
| 260 | |a Praha : |b České vysoké učení technické v Praze, |c 1985 | ||
| 300 | |a 174 s | ||
| 996 | |b 284ES17598 |c E*S-26744 |l EE01 |s A |a 24 |w stu25614_0005 | ||
| 996 | |b 284ES17604 |c E*S-26746 |l EE01 |s A |a 24 |w stu25614_0007 | ||
| 996 | |b 284ES17599 |c E*S-26747 |l EE01 |s A |a 24 |w stu25614_0008 | ||
| 996 | |b 284ES17594 |c E*S-26743 |l EE01 |s A |a 24 |w stu25614_0011 | ||